00381nam a2200145Ia 4500008004100000040001900041041001200060082001800072100002000090245004200110260002900152300002100181650002300202850001000225131103s9999 xx 000 0 und d aLoreto College aEnglish aF/HEYbLCLIB/ aHeyer,Georgette aTo one who knows whycGeorgette Heyer a[s.l.]b[s.n.]c[19 - ?] a220 p. c 18 cm. aFiction in English aLCLIB